[Event "IV Niterói Chess Open 2024"]
[Site "Rio de Janeiro"]
[Date "2024.08.28"]
[Round "1"]
[Board "55"]
[White "Baeta, Marcio Netto"]
[Black "Bessa, Isabela Moreira"]
[Result "1-0"]
[WhiteElo "1919"]
[BlackElo "1800"]
[Annotator "Chessbase"]
[PlyCount "35"]
[EventDate "2024.08.28"]
[EventRounds "7"]
[EventCountry "BRA"]

1. e4 c6 2. Nc3 d5 3. Qf3 dxe4 4. Nxe4 e6 ({RR} 4... Qd5 5. Ne2 Nf6 6. d3 Nbd7 7. N2c3 Qh5 8. Qg3 Nxe4 9. Nxe4 Nf6 10. Nxf6+ exf6 11. Be2 Qg6 12. Bf4 Be6 13. O-O-O Qxg3 14. Bxg3 O-O-O 15. d4 a5 16. c4 Bd6 17. Bxd6 Rxd6 18. Kc2 Rhd8 19. Kc3 {½-½ Iniyan,P (2525)-Mitrabha,G (2341) Goa op 2nd Taleigao 2019 (4)}) 5. Qg3 ({RR} 5. c3 f5 6. Ng3 Nf6 7. d4 Be7 8. Bd3 Nbd7 9. Bf4 h6 10. h4 c5 11. O-O-O cxd4 12. cxd4 Qb6 13. Bc2 Ng4 14. N1e2 Rf8 15. Nc3 Ndf6 16. Rhe1 Bd7 17. d5 g5 18. hxg5 hxg5 19. Bxg5 Qxf2 {½-½ Hoeffer,D (2302)-Khatoev,E (2409) Titled Tue 9th Jan Late 2024 (1)}) 5... Nf6 6. d3 $146 ({RR} 6. Nxf6+ Qxf6 7. Qf3 Be7 8. Qxf6 Bxf6 9. Nf3 O-O 10. c3 b6 11. d4 Ba6 12. Bxa6 Nxa6 13. Bg5 Bxg5 14. Nxg5 Nc7 15. O-O Rad8 16. Rad1 Rd7 {½-½ Gnidash,N-Ivanenko,O UKR-ch U10 Girls 2000}) 6... Nxe4 7. dxe4 Nd7 8. Bc4 h6 9. Nf3 b5 10. Bxe6 Qe7 11. Bb3 Qxe4+ 12. Be3 Qe7 13. O-O Bb7 14. Qc7 Nc5 15. Qa5 Nxb3 16. axb3 a6 17. Rfe1 Qd6 18. Bc5+ 1-0

[Event "IV Niterói Chess Open 2024"]
[Site "Rio de Janeiro"]
[Date "2024.08.31"]
[Round "6"]
[White "Spina, Deris Eduardo"]
[Black "Ishida, Leopoldo Tetsuo"]
[Result "1-0"]
[WhiteElo "1823"]
[BlackElo "1688"]
[Annotator "Chessbase"]
[PlyCount "47"]
[EventDate "2024.08.28"]
[EventRounds "7"]
[EventCountry "BRA"]

1. e4 c6 2. d4 d5 3. f3 dxe4 4. fxe4 e5 5. Nf3 Bg4 6. Bc4 Nd7 7. O-O Ngf6 8. c3 Bd6 9. Qb3 O-O 10. Qxb7 Bxf3 ({RR} 10... Nxe4 11. Nbd2 Bxf3 12. Rxf3 Ng5 13. Rf1 exd4 14. cxd4 Nb6 15. Bb3 Rc8 16. Qxa7 Bb8 17. Qa5 Qxd4+ 18. Kh1 Qh4 19. h3 Nxh3 20. Nf3 Nf2+ 21. Kg1 Bh2+ 22. Nxh2 Nh3+ 23. gxh3 Qg3+ 24. Kh1 Nd5 25. Bxd5 {1-0 Kraus,T (2484)-Bezerra,N (1916) Titled Tue 30th Jan Early 2024 (8)}) 11. Rxf3 exd4 12. cxd4 Bxh2+ $146 ({RR} 12... Nxe4 13. Nc3 Nxc3 14. bxc3 Qc8 15. Qb3 Nf6 16. Bg5 Be7 17. Raf1 Rb8 18. Qc2 Qd7 19. Rh3 h6 20. Bxf6 Bxf6 21. Rxf6 gxf6 22. Rxh6 Rfe8 23. Qh7+ Kf8 24. Qh8+ {1-0 Haas,M (1885)-Werner,T (1899) Mittelfranken-chT2b 1617 2016 (6.5)}) ({RR} 12... Ng4 13. h3 Nc5 14. Qxc6 Rc8 15. Qd5 Nf6 16. Rxf6 Qxf6 17. e5 Qh4 18. Nc3 Be7 19. Be3 Ne6 20. Bf2 Qg5 21. Bb3 Rfd8 22. Qf3 Qd2 23. Qe2 Rxd4 24. Bxd4 Qxd4+ 25. Kh1 Rc5 26. Bxe6 fxe6 27. Re1 {1-0 Ribeiro,G (2013)-Karsay,P (2319) Maia Chess Open 2023 (2.27)}) ({RR} 12... Nb6 13. Bd3 Ng4 14. e5 Bxe5 15. dxe5 Qd4+ 16. Kf1 Nxe5 17. Bxh7+ Kxh7 18. Rh3+ Kg8 19. Nc3 Ng4 20. Rf3 Nxh2+ 21. Ke2 Nxf3 22. gxf3 Rfe8+ 23. Kf1 Qc4+ 24. Kf2 Qh4+ 25. Kg2 Re1 26. Qxc6 Qh1+ 27. Kg3 {0-1 Kizza,F (2101)-Ssonko,M (2147) UGA olympic qual 2018 (7)}) 13. Kxh2 Ng4+ 14. Kg3 Ndf6 15. e5 Ne4+ 16. Kxg4 h5+ 17. Kxh5 Qxd4 18. Bxf7+ Kh8 19. Kg6 Ng3 20. Rxg3 Qe4+ 21. Kg5 Qxe5+ 22. Kg4 Qe4+ 23. Bf4 g5 24. Rh3+ 1-0

[Event "IV Niterói Chess Open 2024"]
[Site "Rio de Janeiro"]
[Date "2024.08.31"]
[Round "6"]
[White "Nejanky, Maisa"]
[Black "Fernandes, Felipe Gambini"]
[Result "0-1"]
[WhiteElo "1968"]
[BlackElo "1852"]
[Annotator "Chessbase"]
[PlyCount "126"]
[EventDate "2024.08.28"]
[EventRounds "7"]
[EventCountry "BRA"]

1. e4 c6 2. d4 d5 3. e5 c5 4. dxc5 e6 5. Be3 Nd7 6. f4 Bxc5 7. Bxc5 Nxc5 8. Nc3 ({RR} 8. Nd2 Ne7 9. Ngf3 Nf5 10. Nb3 Nxb3 11. axb3 Qb6 12. Qd2 Qe3+ 13. Qxe3 Nxe3 14. Kd2 Nxf1+ 15. Rhxf1 Bd7 16. Nd4 Ke7 17. b4 a6 18. c3 Rhf8 19. Rfe1 f6 20. g3 f5 21. Ke3 h6 22. h4 Rg8 {1-0 Przybylski,W (2308)-Brancaleoni,M (2180) Titled Tue 13th Aug Late 2024 (6)}) 8... a6 $146 ({RR} 8... Ne7 9. Qd2 a6 10. Nf3 O-O 11. Bd3 b5 12. Bxh7+ Kxh7 13. Qf2 b4 14. Qh4+ Kg8 15. Ng5 Re8 16. Qh7+ Kf8 17. Qh8+ Ng8 18. Nh7+ Ke7 19. Ne2 g6 20. Nf6 Rf8 21. Nh7 Ne4 22. Nxf8 Kxf8 23. Rf1 {0-1 Stukopin,A (2485)-Popov,I (2605) Moscow-ch 2012 (8)}) ({RR} 8... Ne7 9. Qd4 b6 10. O-O-O O-O 11. Nf3 Bd7 12. Bd3 Rc8 13. Kb1 Qc7 14. Qf2 Nxd3 15. cxd3 Qc5 16. Qd2 b5 17. Rc1 Qb6 18. Ne2 b4 19. Ned4 a5 20. Rxc8 Rxc8 21. Rc1 Rxc1+ 22. Kxc1 Ba4 23. Qe3 {1-0 Durarbayli,V (2618)-Indjic,A (2600) Saint Louis Summer-A 2018 (2)}) ({RR} 8... Bd7 9. Nf3 Ne7 10. Bd3 Qb6 11. Qd2 Rc8 12. O-O-O a6 13. f5 Nxd3+ 14. Qxd3 Nxf5 15. Kb1 Bb5 16. Qd2 O-O 17. Rhe1 Rfd8 18. g4 Ne7 19. Nd4 Nc6 20. Nf3 Na5 21. Qd4 Qxd4 22. Nxd4 Be8 23. Nce2 {1-0 Hafiz,A (2251)-Poltorak,S (2321) Titled Tuesday intern op 27th Sep Early blitz 2022 (4)}) 9. Qg4 g6 10. O-O-O h5 11. Qh3 Nh6 12. Bd3 Nxd3+ 13. Rxd3 Ng4 14. Qg3 Qb6 15. Nh3 Bd7 16. Rhd1 Bb5 17. Rd4 Rc8 18. Ng5 Nh6 19. Nxb5 axb5 20. Qa3 Nf5 21. R4d3 Qc5 22. Qxc5 Rxc5 23. Nf3 Ke7 24. Nd4 Nxd4 25. Rxd4 Rhc8 26. R1d2 Rc4 27. b3 R4c5 28. Rb4 R8c7 29. Kb2 f5 30. exf6+ Kxf6 31. Rbd4 Kf5 32. Re2 Kf6 33. Rd3 R5c6 34. g3 Rc8 35. h3 Ra8 36. c3 Rca6 37. Kb1 Rc6 38. Rh2 h4 39. g4 Rd8 40. Kb2 Ra8 41. Rd4 Rac8 42. Rc2 Rc5 43. Rb4 R8c7 44. a4 bxa4 45. Rxa4 b5 46. Rb4 g5 47. Rc1 R7c6 48. Rd4 gxf4 49. Rxf4+ Kg5 50. Rf8 b4 51. Rg8+ Kf4 52. Rf1+ Kg3 53. cxb4 Rc2+ 54. Kb1 Kxh3 55. g5 Kg2 56. Rd1 h3 57. g6 Rc8 58. Rg7 R2c7 59. Rd2+ Kg3 60. Rd3+ Kg4 61. Rh7 Rxh7 62. gxh7 Rh8 63. Re3 h2 0-1

[Event "IV Niterói Chess Open 2024"]
[Site "Rio de Janeiro"]
[Date "2024.08.28"]
[Round "1"]
[Board "39"]
[White "Nejanky, Maisa"]
[Black "De Oliveira, Mendel Nascimento"]
[Result "1-0"]
[WhiteElo "1968"]
[BlackElo "1680"]
[Annotator "Chessbase"]
[PlyCount "65"]
[EventDate "2024.08.28"]
[EventRounds "7"]
[EventCountry "BRA"]

1. e4 c6 2. d4 d5 3. e5 c5 4. dxc5 Nc6 5. f4 Bf5 6. c3 ({RR} 6. Nf3 e6 7. Be3 Nge7 8. Bb5 Bg4 9. Nbd2 Bxf3 10. Qxf3 Nf5 11. O-O Qa5 12. Bxc6+ bxc6 13. Nb3 Qb4 14. g4 Nxe3 15. Qxe3 a5 16. a4 Rb8 17. Kh1 Be7 18. Rf2 h5 19. g5 g6 20. Raf1 O-O {0-1 Yoo,C (2599)-Vachier Lagrave,M (2732) Bullet Chess Losers 2024 (1.14)}) 6... a5 7. Na3 ({RR} 7. Bb5 e6 8. Be3 Nge7 9. Nf3 Bg4 10. O-O Nf5 11. Bf2 Be7 12. h3 Bxf3 13. Qxf3 O-O 14. a4 Rc8 15. Nd2 d4 16. Nb3 dxc3 17. bxc3 Qc7 18. Rad1 Bh4 19. g3 Be7 20. Kg2 h6 21. h4 Rfe8 {1-0 Hrebenshchykova,Y (2275)-Berzina,I (2164) Swiss Queens Wed #1 2024 (10.44)}) 7... e6 8. Be3 g5 $146 ({RR} 8... f6 9. Nf3 Be4 10. Bb5 Kf7 11. O-O Nh6 12. Bd3 Nf5 13. Bf2 h5 14. Nb5 g6 15. exf6 Bxf3 16. Qxf3 Qxf6 17. Rae1 {1-0 Zamengo,F (2356)-Tersigni,A (1930) Chioggia op-A 14th 2019 (5)}) 9. fxg5 Bg7 10. Nf3 Nxe5 11. Nxe5 Bxe5 12. Bb5+ Kf8 13. O-O h6 14. Bd4 Qxg5 15. Qf3 Bxd4+ 16. cxd4 Rh7 17. Bd3 Bxd3 18. Qxd3 Rg7 19. Rf2 Ne7 20. Nb5 Kg8 21. Nd6 Nc6 22. Nxb7 Rb8 23. Nd6 Rb4 24. Ne8 Rxd4 25. Qa6 Nb4 26. Qc8 f5 27. Nxg7+ Kxg7 28. Qxe6 f4 29. Qd7+ Kg6 30. Qe8+ Kg7 31. Re1 Re4 32. Rxe4 dxe4 33. Qxe4 1-0

[Event "IV Niterói Chess Open 2024"]
[Site "Rio de Janeiro"]
[Date "2024.08.31"]
[Round "6"]
[White "Vaz, Osvaldo Jose"]
[Black "Pimenta, Jeronimo Marques"]
[Result "1-0"]
[WhiteElo "1755"]
[BlackElo "2047"]
[Annotator "Chessbase"]
[PlyCount "81"]
[EventDate "2024.08.28"]
[EventRounds "7"]
[EventCountry "BRA"]

1. e4 c6 2. d4 d5 3. e5 c5 4. dxc5 e6 5. Qg4 Nc6 6. Nf3 Qa5+ ({RR} 6... Nge7 7. Bb5 Ng6 8. Be3 Bd7 9. Bxc6 bxc6 10. c3 Qb8 11. Qb4 Qc7 12. Qd4 Ne7 13. Qd3 Nf5 14. Bd4 Rb8 15. b3 a5 16. g4 Nxd4 17. cxd4 Be7 18. Nc3 O-O 19. O-O f5 20. exf6 gxf6 21. Rfe1 {½-½ Vachier Lagrave,M (2796)-Fontaine,R (2549) PRO League Central rapid 2017 (2)}) ({RR} 6... f6 7. Bd3 f5 8. Qg3 Qc7 9. O-O Bxc5 10. Nc3 a6 11. a3 Nge7 12. Qxg7 Rg8 13. Qxh7 Nxe5 14. Nxe5 Qxe5 15. Qh5+ Kd7 16. Qe2 Qg7 17. g3 Nc6 18. Re1 Nd4 19. Qd1 Qg4 20. Be2 Qh3 21. Bf1 {1-0 Novikova,G (2073)-Weetik,V (2423) Titled Tue 16th Apr Early 2024 (1)}) 7. c3 Qxc5 8. Be2 $146 ({RR} 8. b4 Qb6 9. b5 Na5 10. Be3 Qc7 11. Bd3 h6 12. O-O Bd7 13. Nbd2 Qxc3 14. Be2 Rc8 15. Bxa7 Qc7 16. Bd4 g6 17. Bd3 b6 18. h4 h5 19. Qh3 Nh6 20. a4 Bg7 21. Rfe1 O-O 22. Ng5 Ng4 {1-0 Agdestein,S (2626)-Farkas,D (2129) London Classic rapid op 6th 2014 (2)}) 8... Nge7 9. O-O Ng6 10. Qg3 Qb6 11. Nbd2 Qc7 12. Re1 Ngxe5 13. Nd4 a6 14. N2b3 Bd6 15. Qxg7 Ng6 16. Nf3 Bf8 17. Qf6 Rg8 18. Qg5 Bd6 19. Qh5 Bf4 20. Bf1 Nce7 21. g3 Bd6 22. Bg2 Bd7 23. Bd2 O-O-O 24. c4 dxc4 25. Rac1 b5 26. Ba5 Qa7 27. Bxd8 Kxd8 28. Nbd2 Nf5 29. Ne4 Be7 30. a4 h6 31. axb5 axb5 32. Ra1 Qc7 33. Red1 Ke8 34. Ra8+ Bc8 35. Rda1 Kf8 36. R1a7 Qd8 37. Nc3 b4 38. Na4 Nf4 39. Rxc8 Qxc8 40. gxf4 Qc6 41. Ng5 1-0

[Event "IV Niterói Chess Open 2024"]
[Site "Rio de Janeiro"]
[Date "2024.09.01"]
[Round "7"]
[Board "40"]
[White "Dos Santos, Leonardo Lopes"]
[Black "De Oliveira, Mendel Nascimento"]
[Result "1-0"]
[WhiteElo "1860"]
[BlackElo "1680"]
[Annotator "Chessbase"]
[PlyCount "35"]
[EventDate "2024.08.28"]
[EventRounds "7"]
[EventCountry "BRA"]

1. e4 c6 2. d4 d5 3. exd5 cxd5 4. Bd3 Nc6 5. c3 Nf6 6. Bf4 e6 7. Nf3 Bd6 8. Bxd6 Qxd6 9. O-O O-O 10. Re1 Rb8 11. a4 ({RR} 11. Ne5) 11... Re8 ({RR} 11... a6 12. Nbd2 b5 13. axb5 axb5 14. b4 Bd7 15. Nb3 Rfc8 16. Nc5 Be8 17. Qe2 Ne7 18. Ra6 Qc7 19. Ne5 Nc6 20. f4 Nxe5 21. fxe5 Nd7 22. Rb1 Nf8 23. Ra5 Qb6 24. Rba1 Bc6 25. Ra6 Qd8 26. R1a5 {1-0 Donate Moreno,S (1475)-Luque Saiz,A (1897) ESP-ch U18 Rapid 2022 (1)}) 12. Ne5 Nd7 $146 ({RR} 12... a6 13. Re3 b5 14. g4 Rd8 15. g5 Ne4 16. Nxc6 Qxc6 17. Qh5 e5 18. axb5 axb5 19. dxe5 Bf5 20. Na3 b4 21. cxb4 Bg6 22. b5 Qe6 23. Qh4 Qxe5 24. Re2 Qxg5+ 25. Qxg5 Nxg5 26. Bxg6 Nf3+ 27. Kg2 {½-½ Schelwokat,P (1939)-Wilke,C NRW Class2 1617 2016 (2.8)}) ({RR} 12... h6 13. Nd2 Nd7 14. f4 f6 15. Qh5 Qe7 16. Nxd7 Qxd7 17. Nf3 Rd8 18. Re3 f5 19. Bb5 Qd6 20. Bxc6 Qxf4 21. Rd3 bxc6 22. Ne5 Rxb2 23. Qf7+ Kh7 24. Rg3 Qf2+ 25. Kh1 Qxg3 26. hxg3 Bb7 27. Qg6+ {1-0 Ter Saakian,G (2191)-Afineevskij,I (1643) Moscow City Team-ch 2021 (1)}) 13. f4 f6 14. Qh5 fxe5 15. Qxe8+ Nf8 16. fxe5 Qc7 17. Rf1 Qe7 18. Rxf8+ 1-0

[Event "IV Niterói Chess Open 2024"]
[Site "Rio de Janeiro"]
[Date "2024.08.30"]
[Round "4"]
[Board "46"]
[White "Hubner, Jessica Trindade"]
[Black "Ishida, Leopoldo Tetsuo"]
[Result "0-1"]
[WhiteElo "1845"]
[BlackElo "1688"]
[Annotator "Chessbase"]
[PlyCount "128"]
[EventDate "2024.08.28"]
[EventRounds "7"]
[EventCountry "BRA"]

1. e4 c6 2. d4 d5 3. exd5 cxd5 4. Nf3 Nf6 5. Bf4 Nc6 6. c3 Bg4 7. Nbd2 e6 8. Qa4 Bxf3 9. Nxf3 Bd6 10. Bg5 ({RR} 10. Ba6 Bxf4 11. Bxb7 O-O 12. Bxc6 Rb8 13. b4 Ne4 14. Qc2 Rc8 15. b5 Qa5 16. O-O Nxc3 17. a4 h6 18. g3 Bd6 19. Rfc1 Ne4 20. Qd3 Rc7 21. Ne5 Bxe5 22. dxe5 Nd2 23. f4 Qb6+ 24. Kg2 Nc4 {0-1 Ristic,N (2248)-Plyasunov,D (2289) Titled Tue 18th Jun Early 2024 (6)}) 10... O-O 11. Bd3 h6 $146 ({RR} 11... a6 12. O-O b5 13. Qc2 h6 14. Bh4 Rc8 15. a3 Be7 16. Rfe1 Qb6 17. Qe2 Rb8 18. Ne5 Qc7 19. f4 Nd8 20. f5 Nh7 21. Bxe7 Qxe7 22. fxe6 Qxe6 23. Qc2 Nf6 24. Ng6 Qd6 25. Nxf8 Qxf8 26. Bf5 {1-0 Csonka,B (2498)-Babiy,O (2300) Titled Tuesday intern op 01st June blitz 2021 (11)}) 12. Be3 Qc7 13. h3 a6 14. Rc1 b5 15. Qd1 Na5 16. O-O Nc4 17. Qe2 Rac8 18. Rc2 Qa5 19. a3 Rc7 20. Bc1 Rfc8 21. Ne5 Bxe5 22. dxe5 Nd7 23. f4 Qb6+ 24. Kh1 Nc5 25. Bxc4 bxc4 26. Be3 Qb5 27. f5 Ne4 28. Qg4 exf5 29. Rxf5 Qd7 30. Bxh6 g6 31. Rf4 Qxg4 32. Rxg4 Re7 33. Bf4 Re6 34. Kh2 Rb8 35. Re2 Rb3 36. Rc2 Reb6 37. Bc1 Kg7 38. Rf4 Re6 39. Be3 g5 40. Rf1 Kg6 41. Bd4 Re7 42. Re1 Reb7 43. Ree2 Kf5 44. g4+ Ke6 45. Kg1 R7b5 46. Rh2 Nc5 47. Rhf2 Ne4 48. Rg2 a5 49. Kf1 a4 50. Ke1 Rb8 51. Kd1 Rh8 52. Rh2 Rh7 53. Rce2 Rb8 54. Re3 Rbh8 55. Kc1 Rh4 56. Rg2 Rxh3 57. Ree2 Rh1+ 58. Kc2 R8h3 59. Re3 Rh4 60. Rf3 Ra1 61. Rf6+ Ke7 62. Rg1 Rxg1 63. Bxg1 Nxf6 64. exf6+ Kxf6 0-1

[Event "IV Niterói Chess Open 2024"]
[Site "Rio de Janeiro"]
[Date "2024.08.30"]
[Round "4"]
[Board "37"]
[White "Cunha, Rodrigo Azalim"]
[Black "Kanzler, Karina Daniela Ferreira"]
[Result "1/2-1/2"]
[WhiteElo "1624"]
[BlackElo "1874"]
[Annotator "Chessbase"]
[PlyCount "119"]
[EventDate "2024.08.28"]
[EventRounds "7"]
[EventCountry "BRA"]

1. e4 c6 2. d4 d5 3. Nc3 dxe4 4. Nxe4 Nf6 5. Nxf6+ exf6 6. c3 Bd6 7. Bd3 Be6 8. Ne2 Qc7 9. Qc2 Nd7 10. Be3 h6 11. h3 O-O 12. O-O c5 13. Rad1 Nb6 $146 ({RR} 13... c4 14. Bh7+ Kh8 15. d5 Bxh3 16. gxh3 g6 17. Bxh6 Rfe8 18. Bxg6 fxg6 19. Kh1 Kh7 20. Be3 Ne5 21. Qe4 Kg7 22. Rg1 Qf7 23. Nf4 f5 24. Qd4 Kh7 25. Ne6 Kg8 26. Qh4 Rxe6 27. dxe6 Qxe6 28. Bf4 {0-1 Varshini,V (2137)-Yakubbaeva,N (2350) Asian Continental Blitz w 2022 (3.10)}) 14. dxc5 Bxc5 15. Bxc5 Qxc5 16. Rd2 Qg5 17. Ng3 Rac8 18. Rfd1 Kh8 19. a3 a5 20. Be4 Rb8 21. Rd6 Nc4 22. R6d4 b5 23. Bd5 Nb6 24. Bc6 Qc5 25. Be4 a4 26. Qc1 f5 27. Bc2 Nc4 28. Rh4 Kh7 29. Rh5 Qb6 30. Nxf5 Bxf5 31. Rxf5 Kg8 32. Rfd5 Qe6 33. b3 axb3 34. Bxb3 Na5 35. Bc2 Nc4 36. a4 bxa4 37. Bxa4 Nb2 38. Bd7 Qe4 39. Bf5 Qe7 40. Re1 Qc7 41. Rd7 Qc5 42. Bg4 Na4 43. Ree7 Nxc3 44. Rc7 Qd6 45. Red7 Rb1 46. Qxb1 Qxc7 47. Rxc7 Nxb1 48. Rc8 Nd2 49. Rxf8+ Kxf8 50. f4 Ke7 51. Kf2 Kd6 52. Ke3 Nb3 53. Be2 Nc5 54. Bc4 f5 55. g4 fxg4 56. hxg4 Nd7 57. Be2 Nf6 58. Bf3 Nd7 59. Ke4 Ke6 60. Kd4 1/2-1/2

[Event "IV Niterói Chess Open 2024"]
[Site "Rio de Janeiro"]
[Date "2024.08.28"]
[Round "1"]
[Board "22"]
[White "Mantelato, Davi Natali"]
[Black "Serpa, Rafael Araujo"]
[Result "0-1"]
[WhiteElo "1768"]
[BlackElo "2107"]
[Annotator "Chessbase"]
[PlyCount "107"]
[EventDate "2024.08.28"]
[EventRounds "7"]
[EventCountry "BRA"]

1. e4 c6 2. d4 d5 3. Nc3 dxe4 4. Nxe4 Nf6 5. Nxf6+ exf6 6. Be3 Bd6 7. Bd3 O-O 8. Qh5 ({RR} 8. Ne2 Na6 9. O-O Nc7 10. c4 Re8 11. Qc2 g6 12. Rad1 Be6 13. Nc3 Bf8 14. Bf4 Rc8 15. Rfe1 Qd7 16. Ne4 Qd8 17. Nc5 b6 18. Ne4 h6 19. Qd2 f5 20. Nc3 Qxd4 21. Bxh6 Bxh6 22. Qxh6 Qf6 {1-0 So,W (2772)-Caruana,F (2791) Speed Chess Chess.com INT blitz 2021 (2.31)}) 8... g6 9. Qf3 Be6 10. g4 $146 ({RR} 10. Ne2 Re8 11. Nf4 Nd7 12. Nxe6 Rxe6 13. O-O-O f5 14. Bc4 Re4 15. Bd3 Re8 16. h4 h5 17. Bxf5 gxf5 18. Qxf5 Re6 19. Qxh5 Rg6 20. Qf5 Nf8 21. d5 Qc8 22. Qd3 cxd5 23. h5 Re6 24. Qxd5 Be5 {½-½ Arnott,J (2089)-Bradbury,N (2153) 110th ch-GBR 2024 (4.39)}) ({RR} 10. Ne2 h5 11. Bf4 Bg4 12. Qg3 Bxf4 13. Qxf4 Bxe2 14. Bxe2 Re8 15. Qd2 Qe7 16. h4 Nd7 17. Rh3 f5 18. Kf1 Nf6 19. Re1 Rad8 20. Qf4 Ng4 21. c3 c5 22. dxc5 Rd1 23. Qf3 Rd2 24. b4 Qe5 {0-1 Jaros,M (2237)-Bicek,R (2088) CZE-chT2A 1617 2016 (10.4)}) ({RR} 10. Ne2 Re8 11. Nf4 Bxf4 12. Qxf4 Nd7 13. h4 Nb6 14. b3 Nd5 15. Qh6 Qa5+ 16. Kf1 Bf5 17. Bxf5 Nxe3+ 18. fxe3 Qxf5+ 19. Kg1 Qxc2 20. Rf1 Re4 21. h5 Rg4 22. Rh2 Re8 23. hxg6 Qxg6 24. Rf3 f5 {0-1 Musaev,R (2312)-Tsydypov,Z (2451) Chigorin Memorial 24th 2016 (5)}) 10... Re8 11. Qg2 Bd5 12. Nf3 Nd7 13. c4 Qa5+ 14. Kf1 Be6 15. h4 Nf8 16. Nd2 Rad8 17. Ne4 Be7 18. Qf3 f5 19. gxf5 Qxf5 20. Qg2 Qg4 21. b4 Qxg2+ 22. Kxg2 Bf5 23. h5 Ne6 24. hxg6 hxg6 25. Rh2 Nxd4 26. Rah1 Bxe4+ 27. Bxe4 Bf6 28. Bf3 Nxf3 29. Kxf3 a6 30. a4 Rd3 31. Rb1 Ra3 32. a5 Rc3 33. c5 Rc4 34. Rhh1 Bg7 35. Rhd1 Rce4 36. Rd7 R4e7 37. Rd3 f6 38. Rbd1 Kf7 39. Rh1 g5 40. Rhd1 Re4 41. Rd7+ R8e7 42. Rxe7+ Rxe7 43. Rd6 Re6 44. Rd7+ Re7 45. Rd6 Kg6 46. Bd4 Kf5 47. Bc3 Rf7 48. Bd4 Rc7 49. Bc3 Re7 50. Bd2 Rf7 51. Bc3 g4+ 52. Kg3 Bh6 53. Kg2 Bf4 54. Be1 0-1

[Event "IV Niterói Chess Open 2024"]
[Site "Rio de Janeiro"]
[Date "2024.08.30"]
[Round "4"]
[Board "27"]
[White "Santos, Valentim Do Carmo Ribeiro"]
[Black "Pimenta, Jeronimo Marques"]
[Result "0-1"]
[WhiteElo "1800"]
[BlackElo "2047"]
[Annotator "Chessbase"]
[PlyCount "55"]
[EventDate "2024.08.28"]
[EventRounds "7"]
[EventCountry "BRA"]

1. e4 c6 2. d4 d5 3. Nc3 dxe4 4. Nxe4 Nf6 5. Nxf6+ exf6 6. c3 Bd6 7. Bd3 O-O 8. Qc2 Re8+ 9. Ne2 g6 10. Be3 Be6 ({RR} 10... Nd7 11. O-O Qc7 12. g3 Nf8 13. Rfe1 Bg4 14. Qd2 Ne6 15. Kg2 Qd7 16. Nf4 Ng5 17. h4 Bf3+ {0-1 Belozerov,A (2528)-Jobava,B (2627) Wch Blitz St Petersburg 2018 (1)}) 11. Ng3 $146 ({RR} 11. O-O-O Bd5 12. Nf4 Nd7 13. h4 f5 14. h5 Be4 15. hxg6 fxg6 16. Nxg6 hxg6 17. Bxe4 Rxe4 18. Qb3+ Kg7 19. Bh6+ Kf6 20. f3 Re7 21. f4 Qg8 22. Bg5+ Kg7 23. Bh6+ Kf6 24. Bg5+ Kg7 {½-½ Steiner,L-Szabo,L HUN-ch14 International Masters 1936 (11)}) ({RR} 11. h4 f5 12. h5 Qf6 13. hxg6 fxg6 14. g3 Bd5 15. Rh6 Bxg3 16. O-O-O Bd6 17. Bxf5 Bf8 18. Rxg6+ hxg6 19. Bxg6 Nd7 20. Rg1 Bg7 21. Nf4 Kf8 22. Bxe8 Rxe8 23. Nh5 Qf3 24. Qg6 Rxe3 25. Qxg7+ Ke8 {½-½ Sulejmanova,A (2139)-Follana Albelda,L (1954) 24th ch-EUR Indiv w 2024 (2.65)}) ({RR} 11. h4 Bd5 12. h5 f5 13. hxg6 fxg6 14. O-O-O Qf6 15. Nf4 Bxf4 16. Bxf4 Nd7 17. Rh6 Nb6 18. Rdh1 Re7 19. Qd2 Qe6 20. f3 Bc4 21. Be5 Bxd3 22. Qxd3 Qxa2 23. Rxg6+ hxg6 24. Rh6 Qe6 25. g4 Kf7 {1-0 Santos,D (1846)-De Oliveira,G (2052) Florianopolis op 5th 2019 (8)}) ({RR} 11. h4 Nd7 12. h5 f5 13. O-O-O Qa5 14. hxg6 fxg6 15. b3 Nf6 16. f3 Qa3+ 17. Kd2 Nd5 18. Bg5 c5 19. Rh4 Rac8 20. Rdh1 Rc7 21. dxc5 Qxc5 22. g4 Qf2 23. Kc1 Nb4 24. Qd2 Qxf3 25. Bb1 Nd5 {0-1 Vozinaki,A (1819)-Theodoulidis,T (2102) Heraklion Gazi op 11th 2015 (5)}) 11... f5 12. Ne2 Bd5 13. Bxf5 gxf5 14. Qxf5 Be4 15. Qg4+ Bg6 16. Nf4 Qd7 17. Qxd7 Nxd7 18. Kd2 Nf6 19. f3 Re7 20. Rae1 Rae8 21. g4 Rxe3 22. Nxg6 Rxe1 23. Rxe1 Rxe1 24. Kxe1 fxg6 25. h3 Bf4 26. Ke2 Kf7 27. Kd1 Ke6 28. a4 0-1

[Event "IV Niterói Chess Open 2024"]
[Site "Rio de Janeiro"]
[Date "2024.08.29"]
[Round "2"]
[Board "18"]
[White "Santos, Abel Cardoso Dos"]
[Black "Silva, Caio Henrique Angelico"]
[Result "0-1"]
[WhiteElo "1923"]
[BlackElo "2122"]
[Annotator "Chessbase"]
[PlyCount "92"]
[EventDate "2024.08.28"]
[EventRounds "7"]
[EventCountry "BRA"]

1. e4 c6 2. d4 d5 3. Nc3 dxe4 4. Nxe4 Nd7 5. Bd3 Ngf6 6. c3 Nxe4 7. Bxe4 Nf6 8. Bd3 Qc7 ({RR} 8... Bg4 9. Qb3 Qd7 10. Bf4 e6 11. Ne2 Bh5 12. Be5 Bg6 13. O-O-O Ng4 14. Bg3 Bd6 15. Bxg6 hxg6 16. h3 Nf6 17. Bxd6 Qxd6 18. Qxb7 O-O 19. Qa6 Rfb8 20. Qc4 Rb5 21. a4 Ra5 22. Kc2 Nd5 23. b4 {0-1 Erigaisi,A (2567)-Kovalenko,I (2643) Belgrade Serbia op 2021 (7)}) ({RR} 8... Bg4 9. Qc2 e6 10. Ne2 Bxe2 11. Qxe2 Bd6 12. Bg5 h6 13. Bh4 Be7 14. O-O-O Nd5 15. Bxe7 Qxe7 16. Kb1 O-O-O 17. g3 Qc7 18. Qg4 g6 19. Rhe1 Kb8 20. Re2 Ka8 21. Red2 Rd7 22. Qh4 Qd8 23. Qh3 {1-0 Trybus,D (2125)-Bablok,M (2130) Krakow op-A 31st 2020 (6)}) 9. Ne2 $146 ({RR} 9. Qc2 e6 10. Nf3 {½-½ Nemes,A-Biro,D (2155) Paks op 1998}) 9... Bg4 10. f3 Bh5 11. Bf4 Qb6 12. Qc2 e6 13. O-O-O Nd5 14. Bd2 Be7 15. a3 O-O-O 16. c4 Nf6 17. c5 Qc7 18. Bf4 Qd7 19. Qa4 a6 20. Qb3 Nd5 21. Bg3 Bg5+ 22. Kb1 Bg6 23. Ka1 Bxd3 24. Rxd3 Rde8 25. h4 Bd8 26. Nf4 Bc7 27. Nxd5 Qxd5 28. Bxc7 Qxb3 29. Rxb3 Kxc7 30. Re1 Re7 31. Rd3 Rd8 32. Re4 Rd5 33. Re5 Rd8 34. b4 Red7 35. Re4 Rd5 36. f4 a5 37. Kb2 axb4 38. axb4 b6 39. Kc3 Ra8 40. g3 g6 41. Re5 Rdd8 42. h5 Ra3+ 43. Kc2 Ra2+ 44. Kb1 Ra4 45. cxb6+ Kxb6 46. b5 Rb4+ 0-1

[Event "IV Niterói Chess Open 2024"]
[Site "Rio de Janeiro"]
[Date "2024.08.31"]
[Round "5"]
[Board "11"]
[White "Mantelato, Davi Natali"]
[Black "Lage, Pedro Ferreira"]
[Result "0-1"]
[WhiteElo "1768"]
[BlackElo "2132"]
[Annotator "Chessbase"]
[PlyCount "104"]
[EventDate "2024.08.28"]
[EventRounds "7"]
[EventCountry "BRA"]

1. e4 c6 2. d4 d5 3. Nc3 dxe4 4. Nxe4 Bf5 5. Ng3 Bg6 6. Nf3 Nd7 7. Bd3 Bxd3 8. Qxd3 e6 9. O-O Ngf6 10. Re1 Be7 11. Qb3 ({RR} 11. Bf4 O-O 12. Rad1 Qa5 13. a3 Rfd8 14. Nf5 Qxf5 15. Qxf5 exf5 16. Rxe7 Nd5 17. Rde1 Nxf4 18. Ng5 Ng6 {0-1 Rabiega,R (2527)-Dreev,A (2682) Canarias en Red final blitz 2004 (2)}) 11... Qb6 ({RR} 11... b6 12. c4 O-O 13. Bf4 h6 14. Rad1 Re8 15. Qe3 Qc8 16. h3 Qa6 17. Qb3 Rad8 18. a3 Qb7 19. Qc2 Nf8 20. Ne4 Nxe4 21. Qxe4 Ng6 22. Bh2 Bd6 23. Bxd6 Rxd6 24. d5 cxd5 25. cxd5 Rdd8 26. Qa4 {1-0 Nakabo,P (1712)-Angolikin,G (1623) UGA olympic qual (Women) 2022 (4)}) 12. Qxb6 axb6 13. Bg5 $146 ({RR} 13. a3 b5 14. Bd2 Nb6 15. Rad1 O-O 16. Ne5 Rfd8 17. c3 h6 18. h3 Kf8 19. Be3 Bd6 20. f4 Nbd5 21. Bc1 h5 22. Ne4 Nxe4 23. Rxe4 g6 24. Ree1 Kg7 25. g3 Bxe5 26. fxe5 Ne7 27. Bg5 Rd7 {1-0 Szukalski,A (1796)-Dominiczak,A (1762) Warsaw YMCA Autumn-C 129th 2013 (4)}) 13... b5 14. a3 Ra4 15. b3 Ra6 16. a4 bxa4 17. Rxa4 Rxa4 18. bxa4 Kd8 19. Rc1 Kc7 20. Bf4+ Kc8 21. Ne5 Nxe5 22. Bxe5 Rd8 23. a5 Bd6 24. f4 Bc7 25. Ra1 Nd5 26. f5 Bxe5 27. dxe5 Ne3 28. fxe6 fxe6 29. Ne4 Nc4 30. Nc5 Rd5 31. Nxe6 Rxe5 32. Nxg7 Nxa5 33. Rf1 Nc4 34. Nf5 Kd7 35. Nd4 c5 36. Nb3 b6 37. h3 Ke6 38. Rf8 Kd5 39. Rd8+ Kc6 40. Kf2 Kb5 41. Rd3 Kb4 42. Rf3 Na3 43. Rf4+ Kc3 44. Rf3+ Kb4 45. Nc1 c4 46. Na2+ Ka4 47. Rc3 b5 48. Rf3 Nxc2 49. Nc3+ Ka5 50. Rf4 Nb4 51. Rf7 Nd3+ 52. Kf1 Re1# 0-1